000 00362nam a2200145Ia 4500
008 210719s1924 xx 000 0 und d
041 _aeng
082 _a821.912 HENL
100 _aHENLEY (William Ernest)
245 _aLyra heroica.
260 _aLondon
_bMacmillan & Co. Ltd.
_c1924
300 _axvii,303
_bPB
365 _b2
_cRs
650 _aEnglish Poetry
999 _c214036
_d214036